Information structures in economics : studies in the theory of markets with imperfect information /

Bibliographic Details
Main Author: Nermuth, Manfred, 1948-
Format: Book
Language:English
Published: Berlin ; New York : Springer-Verlag, 1982.
Series:Lecture notes in economics and mathematical systems ; 196.
Subjects:

MARC

Tag First Indicator Second Indicator Subfields
LEADER 00000cam a22000008a 4500
001 in00000079106
005 20151008055228.0
008 811218s1982 wb a b 00010 eng
010 |a  81023247  
020 |a 0387111867 (New York) 
020 |a 3540111867 (Berlin) 
035 |a (OCoLC)08114636 
035 |9 AAJ2895AM 
039 0 |a 2  |b 3  |c 3  |d 3  |e 3 
040 |a DLC  |c DLC  |d TXA  |d UtOrBLW 
049 |a TXAM  |c [1672726] 
050 0 0 |a HB133  |b .N47 
082 0 |a 380.1/01  |2 19 
100 1 |a Nermuth, Manfred,  |d 1948- 
245 1 0 |a Information structures in economics :  |b studies in the theory of markets with imperfect information /  |c Manfred Nermuth. 
263 |a 8201 
264 1 |a Berlin ;  |a New York :  |b Springer-Verlag,  |c 1982. 
300 |a viii, 236 pages :  |b illustrations ;  |c 24 cm. 
336 |a text  |b txt  |2 rdacontent 
337 |a unmediated  |b n  |2 rdamedia 
338 |a volume  |b nc  |2 rdacarrier 
490 1 |a Lecture notes in economics and mathematical systems ;  |v 196 
504 |a Bibliography: pages [229]-236. 
541 0 |a Donated by Robert, Eric & Joe Battalio in memory of their father Raymond C. Battalio, June 2005. 
650 0 |a Information theory in economics. 
650 0 |a Oligopolies  |x Mathematical models. 
650 0 |a Commodity exchanges  |x Mathematical models. 
830 0 |a Lecture notes in economics and mathematical systems ;  |v 196. 
999 |a MARS 
999 f f |s b66ce4a1-f263-34e9-b824-b14610614716  |i 2b06ee68-10ef-330a-a7b1-0957f8434edc  |t 0 
952 f f |p ric  |a Texas A&M University  |b Rellis Campus  |c Joint Library Facility  |s JLF  |d Remote Storage  |t 0  |e HB133 .N47  |h Library of Congress classification  |i unmediated -- volume  |m A14806119147 
998 f f |a HB133 .N47  |t 0  |l Remote Storage